|
|
|
|
| LEADER |
00000nam0a2200000 4500 |
| 001 |
374056 |
| 005 |
20231102012623.0 |
| 010 |
|
|
|b 25000 экз.
|
| 035 |
|
|
|a (RuTPU)RU\TPU\retro\31489
|
| 035 |
|
|
|a RU\TPU\book\273327
|
| 090 |
|
|
|a 374056
|
| 100 |
|
|
|a 20221216d1944 e y0rusy50 ca
|
| 101 |
0 |
|
|a rus
|
| 102 |
|
|
|a RU
|
| 105 |
|
|
|a a z 001zy
|
| 200 |
1 |
|
|a Металлы будущего
|f В. А. Флоров, Р. В. Юдкевич
|
| 210 |
|
|
|a Москва
|c Молодая гвардия
|d 1944
|
| 215 |
|
|
|a 118 с.
|c ил.
|
| 300 |
|
|
|a Подписано к печати 19.09.1944 г.
|
| 320 |
|
|
|a Таблица содержания элементов в земной коре: с. 117-118
|
| 606 |
1 |
|
|a Редкие элементы
|x Металлургия
|2 stltpush
|3 (RuTPU)RU\TPU\subj\24248
|9 48651
|
| 610 |
1 |
|
|a научно-популярная литература
|
| 610 |
1 |
|
|a редкие металлы
|
| 610 |
1 |
|
|a редкие рассеянные элементы
|
| 610 |
1 |
|
|a редкоземельные элементы
|
| 610 |
1 |
|
|a применение
|
| 610 |
1 |
|
|a коллекция: 1941-1945 гг.
|
| 675 |
|
|
|a 669.85/.86
|v 3
|
| 700 |
|
1 |
|a Флоров
|b В. А.
|g Василий Аркадьевич
|
| 701 |
|
1 |
|a Юдкевич
|b Р. В.
|g Розалия Вениаминовна
|
| 801 |
|
1 |
|a RU
|b 63413507
|c 20140218
|
| 801 |
|
2 |
|a RU
|b 63413507
|c 20221216
|g RCR
|
| 942 |
|
|
|c BK
|